Les 10 villes les plus peuplées du Gard (30) - Statistiques

Statistiques générales
  • Ce quiz a été pris 76 fois
  • Le résultat moyen est 5 sur 10
Statistiques - réponses
Population Communes % Correct
150 400 Nîmes
100%
45 000 Alès
96%
15 700 Beaucaire
52%
18 100 Bagnols-sur-Cèze
48%
14 400 Saint-Gilles
43%
8 700 Aigues-Mortes
36%
10 800 Pont-Saint-Esprit
30%
11 800 Vauvert
29%
13 000 Villeneuve-lès-Avignon
28%
8 700 Les Angles
19%
Aucun quiz correspondant
Distribution des résultats
% des personnes avec chaque résultat
Percentile par nombre de réponses
Votre historique - résultats
Vous n’avez pas pris ce quiz